| 000 | 00678nam a22002057a 4500 | ||
|---|---|---|---|
| 003 | UA-OsUOA | ||
| 001 | 48220 | ||
| 007 | ta | ||
| 008 | 20121226b un ||||| |||| 00| 0 ukr d | ||
| 090 | _a94(477).07-10 | ||
| 942 | _cBR | ||
| 040 |
_aUA-OsUOA _beng _cUA-OsUOA _dUA-OsUOA |
||
| 245 |
_aReview Article Academic Freedom in the U.S.S.R: A Review of the Conference in New York on April 3-4; 1954 _bReprinted from "The Annals of the Ukrainian Academy of Arts and Sciences in the U.S., 1954, No. 3 |
||
| 300 | _aP. 853-862 с. | ||
| 955 | _a1 | ||
| 041 | _aeng | ||
| 080 | _a94(477).07-10 | ||
| 650 | 7 |
_a9 Географія. Біографії. Історія _2UDC |
|
| 999 |
_c428316 _d428316 |
||